00589nam a22001457a 4500003000500000082001600005100001700021245010700038260003900145300001500184505016000199650001500359651002200374700004700396NUST a621.382,MAS aMasud, Fahad aVoice Controlled Smart Car /cFahad Masud, hassan aslam, Abdul Qadir and Hassan Saif (BETE-54 /TCC-29) aRawalpindibMCS (NUST)cJune, 2021 aix, 25 p.; aIntroduction (Page-1), Concepts and Literature survey (Page-4), Design and Working (Page-9), Applications (Page-210, Conclusion and Future Scope (Page-23). aUG Project a(BETE-54 /TCC-29) aSupervised by Asst. Prof. Dr. Abdul Wakeel